El sabbat /

Bewaard in:
Bibliografische gegevens
Hoofdauteur: Sachs, Maurice (autor)
Formaat: Boek
Taal:Spaans
Gepubliceerd in: Madrid, España : Cabaret Voltaire, 2015, c2015
Reeks:(Cabaret Voltaire ; 54)
Onderwerpen:
Tags: Voeg label toe
Geen labels, Wees de eerste die dit record labelt!

MARC

LEADER 00000nam^a2200000^a^4500
001 000365292
005 20250521000000.0
009 20260310115639.429
020 |a 978-84-942185-9-0 
037 |a Acervo ITESO - Biblioteca 
041 |a ESP 
082 |a 843.  |b SAC 
100 |a Sachs, Maurice  |e (autor) 
245 1 3 |a El sabbat /  |c M. Sachs ; introd. de Alfredo Taján ; tr. por Lola Bermúdez Medina. 
264 4 |a Madrid, España :  |b Cabaret Voltaire,  |c 2015, c2015 
300 |a 453, [20] p. 
336 |a texto  |b txt  |2 rdacontenido 
337 |a sin mediación  |b n  |2 rdamedio 
338 |a volumen  |b nc  |2 rdasoporte 
440 1 |a (Cabaret Voltaire ;  |v 54) 
500 |a Traducción de: Le Sabbat 
649 |a XX 
650 |a Escritores Franceses -  |x Memorias 
650 |a Novela Francesa 
650 |a Memorias Francesas 
650 |a Literatura Autobiográfica -  |z Francia 
650 |a Literatura Francesa -  |y Siglo XX 
650 |a Sachs, Maurice -  |x Tema Principal 
910 |a Fondo General 
920 |a Impresos - Libros 
930 |a Colección General 
940 |a Literatura 
905 |a 101 
901 |a 0500258969  |b IT1  |c LIT  |i C148599  |u 20250521 
902 |a https://opac.biblio.iteso.mx/vufind/Record/000365292